| 000 | 00802nam a2200193 a 4500 | ||
|---|---|---|---|
| 003 | 0 | ||
| 005 | 20250424143457.0 | ||
| 008 | 080527s19uu xx 00 eng d | ||
| 050 |
_aPHS LC 1099.5.K67 _b.K56 2005 |
||
| 100 | _aKim, Yoon-Ho. | ||
| 245 |
_aThe Effects of cultural differences on the studies of Korean High School students of Southville International School and Colleges / _cYoon-Ho Kim. |
||
| 260 |
_aLas PiƱas City, Philippines : _bSouthville International School and Colleges, _c2005. |
||
| 300 |
_a29 pages : _billustrations ; _c28 cm. |
||
| 504 | _aIncludes bibliographical references. | ||
| 650 |
_aAcademic achievement _xCross-cultural studies. |
||
| 650 |
_aHigh school students _xCross-cultural studies. |
||
| 650 |
_aKorean students _zPhilippines _xAttitudes. |
||
| 942 |
_2lcc _cPASS |
||
| 999 |
_c97258 _d97258 |
||